| 000 | 00444nam a22001697a 4500 | ||
|---|---|---|---|
| 005 | 20180811110609.0 | ||
| 008 | 160524b xxu||||| |||| 00| 0 eng d | ||
| 020 | _a81-7929-080-8 | ||
| 041 | _aeng | ||
| 082 |
_b4545 _a658.312 404 |
||
| 100 |
_aSloman ,Martyn _94768 |
||
| 245 | _aTraining Strategy:for implementing training | ||
| 260 |
_aNew Delhi _bAcademic Faundation _c2004 |
||
| 300 | _a236p, | ||
| 650 |
_aManagement _9241 |
||
| 942 | _cBK | ||
| 999 |
_c1525 _d1524 |
||